[Event "46th GRE-chT Premier 2018"]
[Site "Rio Achaia"]
[Date "2018.07.13"]
[Round "5"]
[White "Sourgkounis, Angelos"]
[Black "Sgouros, Apostolos"]
[Result "0-1"]
[WhiteElo "1976"]
[BlackElo "2024"]
[Annotator "NA"]
[PlyCount "129"]
[EventDate "2018.07.10"]
[EventType "team-tourn"]
[EventCountry "GRE"]
[SourceTitle "playchess.com"]
[Source "ChessBase"]
[SourceQuality "1"]

1. Nf3 d6 2. g3 e5 3. d3 f5 4. Bg2 Nf6 5. O-O g6 6. Nc3 Bg7 7. e4 O-O 8. exf5 gxf5 9. d4 e4 10. Ng5 d5 11. Ne2 c6 12. b3 Re8 13. c4 Nbd7 14. Nh3 Nf8 15. Nhf4 Ne6 16. Be3 Bd7 17. Rc1 Qe7 18. Qd2 Qf7 19. Rfd1 Rad8 20. a4 Bc8 21. Qa5 a6 22. Nxe6 Bxe6 23. Nf4 h5 24. Qe1 Kh7 25. Nh3 Qg6 26. Ng5+ Kg8 27. Nh3 h4 28. Nf4 Qh7 29. c5 Bf7 30. b4 Bh5 31. Nxh5 Nxh5 32. Qe2 f4 33. gxf4 Qf5 34. h3 Nxf4 35. Qg4 Qxg4 36. hxg4 Ne2+ 37. Kh2 Nxc1 38. Rxc1 Kf7 39. Kh3 Rh8 40. Bf1 Rdf8 41. Be2 Kg6 42. g5 Rf7 43. Rb1 Bf8 44. b5 axb5 45. axb5 Be7 46. bxc6 bxc6 47. Rg1 Bd8 48. Rg4 Rf5 49. f4 exf3 50. Bd3 Rhf8 51. Rxh4 Bxg5 52. Rg4 Kh5 53. Bxg5 f2 54. Be2 Rf3+ 55. Rg3 f1=Q+ 56. Bxf1 Rxg3+ 57. Kxg3 Rxf1 58. Bf4 Kg6 59. Kg4 Re1 60. Be5 Re4+ 61. Kf3 Kf5 62. Bg7 Re7 63. Bf8 Rb7 64. Ke3 Rb3+ 65. Kd2 0-1

[Event "46th GRE-chT Premier 2018"]
[Site "Rio Achaia"]
[Date "2018.07.13"]
[Round "5"]
[White "Vozinaki, Anthi - Maria"]
[Black "Pasoglou, Ekaterini"]
[Result "1-0"]
[WhiteElo "1971"]
[BlackElo "1849"]
[Annotator "NA"]
[PlyCount "127"]
[EventDate "2018.07.10"]
[EventType "team-tourn"]
[EventCountry "GRE"]
[SourceTitle "playchess.com"]
[Source "ChessBase"]
[SourceQuality "1"]

1. e4 c5 2. Nf3 e6 3. d4 cxd4 4. Nxd4 Nf6 5. Nc3 Nc6 6. Ndb5 Bb4 7. a3 Bxc3+ 8. Nxc3 d5 9. exd5 exd5 10. Bd3 O-O 11. O-O d4 12. Ne2 Bg4 13. f3 Bh5 14. Nf4 Re8 15. Re1 Qd6 16. Bd2 Bg6 17. Nxg6 hxg6 18. Rxe8+ Rxe8 19. Qf1 Nd5 20. Re1 Rxe1 21. Qxe1 Qe7 22. Qxe7 Ncxe7 23. Kf2 f6 24. Ke2 Kf7 25. Bc4 Ke6 26. f4 Kd6 27. Kd3 Nc6 28. Bb5 Nde7 29. Be1 Kc5 30. Bc4 a5 31. Be6 Nd5 32. g3 Nd8 33. Bg8 Ne7 34. Ba2 Ndc6 35. Bf2 Nf5 36. c3 b5 37. g4 Nfe7 38. cxd4+ Kd6 39. Be1 f5 40. h3 Nd5 41. Bd2 b4 42. Bb3 Nf6 43. axb4 axb4 44. g5 Nd5 45. Ba4 Na5 46. Be8 Nb3 47. Be3 Na5 48. Bf7 b3 49. Bd2 Nc6 50. Bxg6 Ke6 51. Bh5 Ncb4+ 52. Kc4 Nc2 53. Kxb3 Nxd4+ 54. Kc4 Nc6 55. b4 Kd6 56. Be8 Nce7 57. Bf7 Nb6+ 58. Kb5 Ned5 59. Be1 Nd7 60. Bf2 Nc3+ 61. Kc4 Ne4 62. Bd4 Nd2+ 63. Kd3 Nf3 64. Bxg7 1-0

[Event "46th GRE-chT Premier 2018"]
[Site "Rio Achaia"]
[Date "2018.07.13"]
[Round "5"]
[White "Petraki, Maria"]
[Black "Galunova, Tsveta"]
[Result "1-0"]
[WhiteElo "1962"]
[BlackElo "2204"]
[Annotator "NA"]
[PlyCount "147"]
[EventDate "2018.07.10"]
[EventType "team-tourn"]
[EventCountry "GRE"]
[SourceTitle "playchess.com"]
[Source "ChessBase"]
[SourceQuality "1"]

1. e4 c5 2. Nf3 e6 3. d4 cxd4 4. Nxd4 Qb6 5. Nb3 Qc7 6. Nc3 a6 7. Bd3 d6 8. O-O Nf6 9. f4 Be7 10. Qf3 Nbd7 11. Bd2 b5 12. Rae1 Bb7 13. Qg3 b4 14. Nd1 g6 15. Kh1 Nc5 16. Nxc5 Qxc5 17. Be3 Qc7 18. Bd4 O-O 19. f5 e5 20. Bg1 Nh5 21. Qg4 Bf6 22. Ne3 Nf4 23. b3 Rae8 24. Nc4 d5 25. Nd2 Kg7 26. exd5 h5 27. Qg3 h4 28. Qg4 h3 29. gxh3 Bxd5+ 30. Be4 Qc6 31. Bxd5 Qxd5+ 32. Ne4 Rh8 33. Rf3 Bh4 34. Ree3 Rh5 35. f6+ Bxf6 36. Nxf6 Kxf6 37. Rd3 Qe4 38. Qd7 Reh8 39. Rde3 Qf5 40. Qd6+ Kg7 41. Rxe5 Qxe5 42. Bd4 f6 43. Bxe5 fxe5 44. Qxb4 Kh6 45. Qe7 Nxh3 46. Qf6 Re8 47. Qxa6 e4 48. Re3 Nf2+ 49. Kg1 Ng4 50. Rg3 Ne5 51. Qe2 Kh7 52. Qxe4 Rf5 53. Rc3 Rg5+ 54. Rg3 Rf5 55. a4 Rd8 56. Qe2 Rdf8 57. Kg2 Nc6 58. c3 R8f7 59. b4 Re7 60. Qd2 Rfe5 61. Kf2 Rf5+ 62. Rf3 Rh5 63. Kg1 Ne5 64. Rg3 Rf5 65. Kg2 Rd7 66. Rh3+ Kg8 67. Qe2 Kg7 68. a5 Rc7 69. b5 Nc4 70. b6 Rc6 71. Qe7+ Rf7 72. Rh7+ Kxh7 73. Qxf7+ Kh6 74. b7 1-0

[Event "46th GRE-chT Premier 2018"]
[Site "Rio Achaia"]
[Date "2018.07.13"]
[Round "5"]
[White "Salahidou, Reveka"]
[Black "Kokkota, Fotini"]
[Result "1/2-1/2"]
[WhiteElo "1955"]
[BlackElo "1615"]
[Annotator "NA"]
[PlyCount "129"]
[EventDate "2018.07.10"]
[EventType "team-tourn"]
[EventCountry "GRE"]
[SourceTitle "playchess.com"]
[Source "ChessBase"]
[SourceQuality "1"]

1. e4 c5 2. Nf3 d6 3. d4 cxd4 4. Nxd4 Nf6 5. Nc3 a6 6. Be2 e5 7. Nb3 Be6 8. Be3 Be7 9. Nd5 Bxd5 10. exd5 Nbd7 11. c4 Rc8 12. O-O O-O 13. f3 b6 14. Qd3 Qc7 15. Rac1 Qb7 16. Rfd1 Nc5 17. Nxc5 bxc5 18. Qc2 a5 19. Bd3 g6 20. Rf1 Nh5 21. b3 Ra8 22. Rb1 Nf4 23. Bd2 Qa7 24. g3 Nh5 25. Kg2 Rfb8 26. a3 Rb7 27. Rb2 Qb8 28. Rfb1 Bf6 29. Bc3 Bg7 30. b4 axb4 31. axb4 cxb4 32. Rxb4 Rxb4 33. Bxb4 Qc7 34. Qb3 Nf6 35. Bd2 Nd7 36. Be3 Nc5 37. Qc2 Rb8 38. Rb5 Rxb5 39. cxb5 Qb6 40. Bxc5 dxc5 41. Bc4 Bf8 42. Qa4 Bd6 43. Qa6 Bc7 44. Qa8+ Kg7 45. Qc6 Qxc6 46. dxc6 f5 47. Kf2 Kf6 48. Ke3 h5 49. h3 g5 50. Kd3 Bb6 51. g4 e4+ 52. fxe4 hxg4 53. hxg4 f4 54. Ke2 Ke5 55. Kf3 Kd4 56. Be2 Bc7 57. Bd1 Bb6 58. Bc2 Ba5 59. Ke2 Bb6 60. e5 Kxe5 61. Kd3 Bc7 62. Bd1 Bb6 63. Bf3 Bc7 64. Kc4 Kd6 65. Bd5 1/2-1/2

[Event "46th GRE-chT Premier 2018"]
[Site "Rio Achaia"]
[Date "2018.07.13"]
[Round "5"]
[White "Stamatiou, Rodolfos"]
[Black "Stefanou, Dimitrios"]
[Result "1/2-1/2"]
[WhiteElo "1950"]
[BlackElo "1824"]
[Annotator "NA"]
[PlyCount "82"]
[EventDate "2018.07.10"]
[EventType "team-tourn"]
[EventCountry "GRE"]
[SourceTitle "playchess.com"]
[Source "ChessBase"]
[SourceQuality "1"]

1. d4 Nf6 2. Bg5 e6 3. e4 h6 4. Bxf6 Qxf6 5. c3 d6 6. Bd3 Qd8 7. Ne2 Be7 8. O-O O-O 9. f4 c5 10. Kh1 Nd7 11. Nd2 Rb8 12. a4 b6 13. Nc4 Bb7 14. Ne3 a6 15. d5 e5 16. g3 Rc8 17. c4 Rb8 18. Nc3 Bc8 19. Nf5 Kh7 20. Qe2 g6 21. Nxe7 Qxe7 22. Rf2 Nf6 23. f5 g5 24. Kg1 Bd7 25. Kf1 h5 26. Ke1 Ra8 27. Kd2 Qd8 28. Kc2 Qc7 29. b3 Qb7 30. Qd2 Rg8 31. h3 Qc7 32. Rg2 Qb7 33. g4 h4 34. Rgg1 Ne8 35. Rgb1 f6 36. Ra2 Nc7 37. Rba1 Rgb8 38. Qe2 a5 39. Kd2 Na6 40. Ke3 Nb4 41. Ra3 Qa7 1/2-1/2

[Event "46th GRE-chT Premier 2018"]
[Site "Rio Achaia"]
[Date "2018.07.13"]
[Round "5"]
[White "Spiliopoulos, Alexios"]
[Black "Gimnopoulos, Lazaros"]
[Result "1/2-1/2"]
[WhiteElo "1943"]
[BlackElo "2033"]
[Annotator "NA"]
[PlyCount "119"]
[EventDate "2018.07.10"]
[EventType "team-tourn"]
[EventCountry "GRE"]
[SourceTitle "playchess.com"]
[Source "ChessBase"]
[SourceQuality "1"]

1. Nf3 c5 2. e4 e6 3. c3 Nc6 4. d4 d5 5. exd5 exd5 6. Bb5 Nf6 7. O-O Be7 8. Ne5 Bd7 9. Nxd7 Qxd7 10. dxc5 Bxc5 11. Re1+ Be7 12. Qe2 O-O 13. Be3 Rfe8 14. Nd2 a6 15. Bxc6 bxc6 16. Qd3 c5 17. Nf3 Qb7 18. Rab1 Qb5 19. Red1 h6 20. Qxb5 axb5 21. a3 Red8 22. Bf4 Bd6 23. Bxd6 Rxd6 24. Kf1 Kf8 25. Rd3 Ra4 26. Re1 Re6 27. Nd2 Ke7 28. Rg3 g5 29. Rxe6+ fxe6 30. Nb3 Kd6 31. Nd2 Ne4 32. Nxe4+ Rxe4 33. Rd3 e5 34. f3 Ra4 35. Ke1 b4 36. axb4 cxb4 37. c4 d4 38. b3 Ra2 39. Rd2 Ra1+ 40. Rd1 Ra3 41. Rd3 Kc5 42. Ke2 g4 43. Ke1 h5 44. h3 gxh3 45. gxh3 h4 46. Ke2 Ra7 47. Rd1 Rg7 48. Ra1 e4 49. fxe4 Rg2+ 50. Kf1 Rg3 51. Ra5+ Kc6 52. Ra6+ Kb7 53. Rd6 Rxb3 54. Rxd4 Rxh3 55. e5 b3 56. Rd5 Kc6 57. Rb5 Rc3 58. Kg2 Rc2+ 59. Kh3 Rc3+ 60. Kg2 1/2-1/2

[Event "46th GRE-chT Premier 2018"]
[Site "Rio Achaia"]
[Date "2018.07.13"]
[Round "5"]
[White "Karaboikis, Spiridon"]
[Black "Vlahos, Kiriakos"]
[Result "0-1"]
[WhiteElo "1942"]
[BlackElo "2293"]
[Annotator "NA"]
[PlyCount "52"]
[EventDate "2018.07.10"]
[EventType "team-tourn"]
[EventCountry "GRE"]
[SourceTitle "playchess.com"]
[Source "ChessBase"]
[SourceQuality "1"]

1. Nf3 Nf6 2. g3 d5 3. Bg2 c6 4. d3 Bf5 5. O-O e6 6. Nbd2 Be7 7. b3 h6 8. Bb2 O-O 9. Re1 Bh7 10. e4 a5 11. a3 Re8 12. e5 Nfd7 13. Nf1 c5 14. h4 Nc6 15. N1h2 a4 16. Nd2 axb3 17. Nxb3 Nb6 18. Ng4 c4 19. Nd4 cxd3 20. Nxc6 bxc6 21. cxd3 Na4 22. Bc1 Bf8 23. Bxh6 gxh6 24. Nf6+ Kh8 25. Qh5 Re7 26. g4 Bg6 0-1

[Event "46th GRE-chT Premier 2018"]
[Site "Rio Achaia"]
[Date "2018.07.13"]
[Round "5"]
[White "Loukopoulos, Panagiotis-Athanasi"]
[Black "Klampatseas, Christos"]
[Result "1-0"]
[WhiteElo "1942"]
[BlackElo "1440"]
[Annotator "NA"]
[PlyCount "55"]
[EventDate "2018.07.10"]
[EventType "team-tourn"]
[EventCountry "GRE"]
[SourceTitle "playchess.com"]
[Source "ChessBase"]
[SourceQuality "1"]

1. e4 c6 2. d4 d5 3. e5 Bf5 4. h4 h5 5. Bd3 Bxd3 6. Qxd3 e6 7. Bg5 Be7 8. Nf3 Nh6 9. Nbd2 Nd7 10. c4 Nf5 11. b3 Bxg5 12. hxg5 g6 13. g4 Ng7 14. c5 Qa5 15. a3 Ke7 16. b4 Qc7 17. gxh5 Nxh5 18. Rh4 Ng7 19. Ke2 Rxh4 20. Nxh4 Nxe5 21. Qg3 Rh8 22. Ndf3 Nh5 23. Qxe5 Qxe5+ 24. dxe5 Nf4+ 25. Ke3 Nh3 26. Rh1 d4+ 27. Kxd4 Nxf2 28. Nxg6+ 1-0

[Event "46th GRE-chT Premier 2018"]
[Site "Rio Achaia"]
[Date "2018.07.13"]
[Round "5"]
[White "Marinakis, Hristos"]
[Black "Ergazakis, Ioannis"]
[Result "1-0"]
[WhiteElo "1942"]
[BlackElo "2228"]
[Annotator "NA"]
[PlyCount "45"]
[EventDate "2018.07.10"]
[EventType "team-tourn"]
[EventCountry "GRE"]
[SourceTitle "playchess.com"]
[Source "ChessBase"]
[SourceQuality "1"]

1. e4 c5 2. Nf3 d6 3. d4 cxd4 4. Nxd4 Nf6 5. Nc3 a6 6. Bc4 e6 7. Bb3 b5 8. Bg5 Be7 9. Qf3 Qb6 10. O-O-O O-O 11. Rhe1 Nc6 12. Nxc6 Qxc6 13. Bxf6 Bxf6 14. Nd5 Bg5+ 15. Kb1 Rb8 16. Qg3 Bd8 17. Nf4 Be7 18. Nh5 g6 19. e5 Rd8 20. exd6 Rxd6 21. Nf6+ Kh8 22. Qf4 Qc7 23. Qh6 1-0

[Event "46th GRE-chT Premier 2018"]
[Site "Rio Achaia"]
[Date "2018.07.13"]
[Round "5"]
[White "Gkonelas, Nikolaos"]
[Black "Georgiadis, Alexandros"]
[Result "0-1"]
[WhiteElo "1917"]
[BlackElo "1882"]
[Annotator "NA"]
[PlyCount "96"]
[EventDate "2018.07.10"]
[EventType "team-tourn"]
[EventCountry "GRE"]
[SourceTitle "playchess.com"]
[Source "ChessBase"]
[SourceQuality "1"]

1. e4 c5 2. c4 e5 3. Nc3 Nc6 4. g3 g6 5. Bg2 Bg7 6. d3 d6 7. Nge2 Nge7 8. Be3 Nd4 9. O-O O-O 10. a3 a5 11. Rb1 Nec6 12. Nd5 Be6 13. Nec3 b6 14. b4 axb4 15. axb4 Rb8 16. b5 Ne7 17. Ra1 Bxd5 18. Nxd5 Nxd5 19. exd5 Ra8 20. Bxd4 cxd4 21. Ra6 Rb8 22. Ra7 Bh6 23. Qe2 Ra8 24. Rfa1 Rxa7 25. Rxa7 Qb8 26. Qa2 Bd2 27. Qa6 Ba5 28. Qb7 Qd8 29. Bh3 Bb4 30. Be6 Qf6 31. Kf1 Qf3 32. Qe7 Qxd3+ 33. Kg2 Qe4+ 34. Kh3 Qf3 35. Qh4 Kg7 36. Qg4 Qxf2 37. Rb7 Bc5 38. Qd1 e4 39. Bg4 Qf6 40. Qe2 e3 41. Kg2 h5 42. Bf3 Ra8 43. Be4 Ra3 44. Rc7 Qd8 45. Rc6 Qe8 46. Bf5 gxf5 47. Qxh5 Qe4+ 48. Kh3 Qg4+ 0-1

[Event "46th GRE-chT Premier 2018"]
[Site "Rio Achaia"]
[Date "2018.07.13"]
[Round "5"]
[White "Karakatsanis, Nikolaos"]
[Black "Loutragotis, Dimitrios"]
[Result "1/2-1/2"]
[WhiteElo "1907"]
[BlackElo "2173"]
[Annotator "NA"]
[PlyCount "117"]
[EventDate "2018.07.10"]
[EventType "team-tourn"]
[EventCountry "GRE"]
[SourceTitle "playchess.com"]
[Source "ChessBase"]
[SourceQuality "1"]

1. d4 Nf6 2. Bf4 g6 3. Nc3 Bg7 4. e4 d6 5. Qd2 c6 6. Nf3 Qa5 7. Be2 b5 8. e5 dxe5 9. dxe5 Ng4 10. O-O O-O 11. Rad1 b4 12. Ne4 Nxe5 13. Nxe5 Bxe5 14. Bxe5 Qxe5 15. Qxb4 Bf5 16. Bf3 Nd7 17. Rfe1 Rab8 18. Qc3 Rxb2 19. Qxc6 Nb6 20. Ng3 Qa5 21. Nxf5 Qxf5 22. Qc7 Qxc2 23. Qxa7 Qxf2+ 24. Kh1 Rxa2 25. Qxe7 Rd2 26. Rxd2 Qxd2 27. Rd1 Qc3 28. h3 Nc8 29. Qg5 Kg7 30. Bg4 h6 31. Qh4 Qb4 32. Qg3 Qc5 33. Qb8 Ne7 34. Qb2+ Kg8 35. Qf6 h5 36. Bd7 Kh7 37. Rd3 Qc1+ 38. Kh2 Qc7+ 39. Kh1 Ng8 40. Qf3 Kg7 41. Bc6 Nf6 42. Rb3 Rc8 43. Rc3 Qe5 44. Re3 Qg5 45. Re1 h4 46. Rf1 Nh5 47. Qxf7+ Kh6 48. Rd1 Ng3+ 49. Kh2 Nf5 50. Qd7 Qf4+ 51. Kg1 Rc7 52. Qe8 Ng3 53. Qh8+ Rh7 54. Qb2 Rf7 55. Bf3 Qe3+ 56. Kh2 Qf4 57. Kg1 Qe3+ 58. Kh2 Qf4 59. Kg1 1/2-1/2

[Event "46th GRE-chT Premier 2018"]
[Site "Rio Achaia"]
[Date "2018.07.13"]
[Round "5"]
[White "Pavlidis, Pavlos"]
[Black "Gkikas, Vasilios"]
[Result "1/2-1/2"]
[WhiteElo "1906"]
[BlackElo "1892"]
[Annotator "NA"]
[PlyCount "41"]
[EventDate "2018.07.10"]
[EventType "team-tourn"]
[EventCountry "GRE"]
[SourceTitle "playchess.com"]
[Source "ChessBase"]
[SourceQuality "1"]

1. e4 c5 2. Nf3 Nc6 3. Bb5 e6 4. b3 Nge7 5. Bb2 a6 6. Bxc6 Nxc6 7. O-O b5 8. d4 cxd4 9. Nxd4 Bb7 10. Nd2 Qc7 11. c4 Nxd4 12. Bxd4 Bd6 13. h3 Be5 14. Bxe5 Qxe5 15. Qe2 O-O 16. Rfe1 Qc5 17. Rac1 Qa3 18. Nb1 Qb4 19. Nd2 Qa3 20. Nb1 Qb4 21. Nd2 1/2-1/2

[Event "46th GRE-chT Premier 2018"]
[Site "Rio Achaia"]
[Date "2018.07.13"]
[Round "5"]
[White "Vallianos, Gerasimos"]
[Black "Beliotis, Georgios"]
[Result "1-0"]
[WhiteElo "1899"]
[BlackElo "2175"]
[Annotator "NA"]
[PlyCount "79"]
[EventDate "2018.07.10"]
[EventType "team-tourn"]
[EventCountry "GRE"]
[SourceTitle "playchess.com"]
[Source "ChessBase"]
[SourceQuality "1"]

1. d4 Nf6 2. Nf3 g6 3. g3 Bg7 4. Bg2 O-O 5. O-O d5 6. c4 Nc6 7. cxd5 Nxd5 8. e4 Nb6 9. d5 Na5 10. Na3 c6 11. Qd2 Nac4 12. Nxc4 Nxc4 13. Qe2 Nd6 14. e5 Nb5 15. a4 Nc7 16. dxc6 bxc6 17. Rd1 Nd5 18. Nd4 Bb7 19. a5 Rc8 20. Nb3 Rc7 21. Nc5 Bc8 22. Bd2 Bf5 23. g4 Bd7 24. a6 Qc8 25. h3 Be6 26. Ba5 Nb6 27. b4 Bc4 28. Qe3 Bb5 29. Qg3 Qb8 30. Bxb6 axb6 31. Nd7 Rxd7 32. Rxd7 Bxe5 33. Qa3 Bxa1 34. Qxa1 Qf4 35. a7 Ra8 36. Rb7 f6 37. Rxe7 Qd6 38. Rb7 Qf4 39. g5 Qd6 40. Qxf6 1-0

[Event "46th GRE-chT Premier 2018"]
[Site "Rio Achaia"]
[Date "2018.07.13"]
[Round "5"]
[White "Bardis, Harilaos-Panagiotis"]
[Black "Damianou, Ioannis"]
[Result "1-0"]
[WhiteElo "1866"]
[BlackElo "2058"]
[Annotator "NA"]
[PlyCount "71"]
[EventDate "2018.07.10"]
[EventType "team-tourn"]
[EventCountry "GRE"]
[SourceTitle "playchess.com"]
[Source "ChessBase"]
[SourceQuality "1"]

1. e4 c5 2. Nf3 d6 3. Bb5+ Nd7 4. c3 Ngf6 5. Bd3 e6 6. Bc2 c4 7. O-O Nc5 8. Qe2 b5 9. a4 Nxa4 10. Bxa4 bxa4 11. Qxc4 Bd7 12. e5 d5 13. Qf4 Ne4 14. d4 Be7 15. Qg4 Kf8 16. h4 h6 17. g3 Kg8 18. Nh2 Bb5 19. Re1 h5 20. Qh3 Kh7 21. Na3 Bd7 22. Rf1 f6 23. f3 fxe5 24. fxe4 exd4 25. cxd4 dxe4 26. Be3 Qb6 27. Nc4 Qb3 28. Qg2 Bc6 29. Rac1 Rac8 30. Rc3 Qa2 31. Ne5 Bd5 32. Qe2 Rxc3 33. Qxh5+ Kg8 34. Qf7+ Kh7 35. bxc3 Qe2 36. Nhg4 1-0

[Event "46th GRE-chT Premier 2018"]
[Site "Rio Achaia"]
[Date "2018.07.13"]
[Round "5"]
[White "Malataras, Gerasimos"]
[Black "Papadopoulos, Zisis"]
[Result "1/2-1/2"]
[WhiteElo "1823"]
[BlackElo "1834"]
[Annotator "NA"]
[PlyCount "159"]
[EventDate "2018.07.10"]
[EventType "team-tourn"]
[EventCountry "GRE"]
[SourceTitle "playchess.com"]
[Source "ChessBase"]
[SourceQuality "1"]

1. d4 d5 2. c4 e6 3. Nc3 Nf6 4. cxd5 exd5 5. Bg5 c6 6. e3 Be6 7. Bd3 Nbd7 8. Nge2 h6 9. Bh4 g5 10. Bg3 Nh5 11. Qc2 Nxg3 12. Nxg3 Nf6 13. O-O Bd6 14. Bf5 Qd7 15. Bxe6 fxe6 16. e4 Qh7 17. Qe2 Bxg3 18. fxg3 Nxe4 19. Nxe4 dxe4 20. Rae1 O-O-O 21. Qxe4 Qxe4 22. Rxe4 Rd6 23. Rf6 Kd7 24. Rf7+ Kc8 25. Rf6 Kd7 26. Rf7+ Kc8 27. Re7 Rhd8 28. Kf2 Rf8+ 29. Ke2 Rf6 30. b4 Kb8 31. a3 Kc8 32. h3 Kb8 33. h4 a6 34. Rg4 Rd5 35. hxg5 hxg5 36. Rg7 Rff5 37. Rg6 a5 38. Rxe6 axb4 39. axb4 Rb5 40. d5 Rbxd5 41. Rge4 Rb5 42. Re7 Ka7 43. Rg7 Ka6 44. Rge7 c5 45. bxc5 Rbxc5 46. g4 Rfd5 47. R4e6+ b6 48. Rf6 Rd4 49. Re3 Rxg4 50. Ra3+ Kb7 51. Rf7+ Rc7 52. Rxc7+ Kxc7 53. Rc3+ Kd6 54. Kf3 Rb4 55. g4 Kd5 56. Rc8 Rb3+ 57. Kf2 Rb4 58. Kf3 Ke5 59. Re8+ Kf6 60. Rf8+ Kg7 61. Rf5 Kg6 62. Ke3 Rb3+ 63. Ke2 b5 64. Rc5 Rb1 65. Rc6+ Kf7 66. Rb6 b4 67. Kd2 b3 68. Kc3 Rg1 69. Kb2 Rxg4 70. Kxb3 Rd4 71. Kc3 Rd8 72. Ra6 g4 73. Ra4 Rg8 74. Kd3 Kf6 75. Ke2 Kg5 76. Kf2 Kh4 77. Kg2 Rb8 78. Ra3 Rb2+ 79. Kg1 g3 80. Ra8 1/2-1/2

[Event "46th GRE-chT Premier 2018"]
[Site "Rio Achaia"]
[Date "2018.07.13"]
[Round "5"]
[White "Petraki, Evaggelia"]
[Black "Kafetzi, Angeliki"]
[Result "1/2-1/2"]
[WhiteElo "1814"]
[BlackElo "1815"]
[Annotator "NA"]
[PlyCount "109"]
[EventDate "2018.07.10"]
[EventType "team-tourn"]
[EventCountry "GRE"]
[SourceTitle "playchess.com"]
[Source "ChessBase"]
[SourceQuality "1"]

1. d4 d5 2. Bf4 e6 3. Nf3 Bd6 4. Bg3 Bxg3 5. hxg3 Nf6 6. e3 Nbd7 7. c3 Qe7 8. Ne5 Nxe5 9. dxe5 Nd7 10. Qg4 g6 11. Qf4 b6 12. Nd2 Bb7 13. Nf3 O-O-O 14. Bb5 c6 15. Be2 Rdf8 16. Qa4 Kb8 17. O-O-O Nc5 18. Qb4 Qc7 19. Qf4 f6 20. exf6 Qxf4 21. gxf4 Rxf6 22. Ng5 h6 23. b4 Na4 24. Kc2 e5 25. Nh3 exf4 26. Nxf4 Bc8 27. Rdf1 g5 28. Nh5 Rf7 29. Bd3 Rhf8 30. f3 b5 31. Ng3 Rf6 32. Rh5 g4 33. f4 Re8 34. e4 Ref8 35. f5 dxe4 36. Bxe4 Nb6 37. Rfh1 Nd5 38. Bxd5 cxd5 39. Rf1 Re8 40. Rh4 Re3 41. Rxg4 Rc6 42. c4 bxc4 43. Rf3 Rxf3 44. gxf3 Rf6 45. Kc3 Kc7 46. Rd4 Kc6 47. a4 Bd7 48. b5+ Kc5 49. Rxc4+ dxc4 50. Ne4+ Kb6 51. Nxf6 Bxf5 52. Kxc4 Ka5 53. Kb3 Be6+ 54. Ka3 Bf7 55. f4 1/2-1/2

[Event "46th GRE-chT Premier 2018"]
[Site "Rio Achaia"]
[Date "2018.07.13"]
[Round "5"]
[White "Stoumbou, Eleni"]
[Black "Koutsogiannopoulou, Theodora"]
[Result "1/2-1/2"]
[WhiteElo "1811"]
[BlackElo "1852"]
[Annotator "NA"]
[PlyCount "83"]
[EventDate "2018.07.10"]
[EventType "team-tourn"]
[EventCountry "GRE"]
[SourceTitle "playchess.com"]
[Source "ChessBase"]
[SourceQuality "1"]

1. e4 c5 2. Nf3 d6 3. d4 cxd4 4. Nxd4 Nf6 5. Nc3 a6 6. h3 e5 7. Nde2 h5 8. g3 Be7 9. Bg2 Be6 10. a4 Qc7 11. O-O b6 12. Bg5 Qd7 13. Bxf6 Bxf6 14. Nd5 Bd8 15. Kh2 Nc6 16. Qd3 Rc8 17. Nec3 Nd4 18. Qxa6 Bxd5 19. Nxd5 Rxc2 20. b4 Qc6 21. a5 bxa5 22. Qxc6+ Rxc6 23. bxa5 Ra6 24. Rfb1 Rxa5 25. Rxa5 Bxa5 26. Rb8+ Bd8 27. Nc7+ Kd7 28. Nd5 h4 29. Bf1 hxg3+ 30. fxg3 Rf8 31. Ba6 f5 32. Bc8+ Ke8 33. exf5 Nxf5 34. Rb7 Ne7 35. Bd7+ Kf7 36. Bg4 g6 37. Rd7 Ke8 38. Rxd6 Nxd5 39. Rxd5 Bc7 40. Rc5 Bd6 41. Rc8+ Ke7 42. Rxf8 1/2-1/2

[Event "46th GRE-chT Premier 2018"]
[Site "Rio Achaia"]
[Date "2018.07.13"]
[Round "5"]
[White "Makris, Spyridon-Dionysios"]
[Black "Paraskevas, Georgios"]
[Result "1/2-1/2"]
[WhiteElo "1799"]
[BlackElo "1634"]
[Annotator "NA"]
[PlyCount "87"]
[EventDate "2018.07.10"]
[EventType "team-tourn"]
[EventCountry "GRE"]
[SourceTitle "playchess.com"]
[Source "ChessBase"]
[SourceQuality "1"]

1. d4 d5 2. c4 e6 3. Nc3 Nf6 4. cxd5 exd5 5. Bg5 c6 6. e3 Be7 7. Bd3 Nbd7 8. Nf3 Nh5 9. Bxe7 Qxe7 10. O-O g6 11. Rb1 a5 12. a3 O-O 13. b4 axb4 14. axb4 b5 15. e4 dxe4 16. Bxe4 Ra3 17. Re1 Qf6 18. Qc1 Ra6 19. Ne5 Re8 20. Nxd7 Bxd7 21. d5 Nf4 22. Re3 cxd5 23. Nxd5 Nxd5 24. Bxd5 Rxe3 25. Qxe3 Ra1 26. Qe1 Rxb1 27. Qxb1 Qd4 28. Be4 Be6 29. h3 Bc4 30. Bc6 Qc3 31. Qe4 Qxb4 32. Bd5 Qf8 33. Bxc4 bxc4 34. Qxc4 Qe7 35. g3 Kg7 36. Qd5 Kf6 37. Qf3+ Kg7 38. Kg2 Qe5 39. Qc6 Qd4 40. Qf3 Qe5 41. Kg1 Qa1+ 42. Kh2 Qe5 43. Kg2 Qd4 44. g4 1/2-1/2

[Event "46th GRE-chT Premier 2018"]
[Site "Rio Achaia"]
[Date "2018.07.13"]
[Round "5"]
[White "Liapi Zenebisi, Irini"]
[Black "Georgitsi, Antigoni"]
[Result "1/2-1/2"]
[WhiteElo "1788"]
[BlackElo "1811"]
[Annotator "NA"]
[PlyCount "64"]
[EventDate "2018.07.10"]
[EventType "team-tourn"]
[EventCountry "GRE"]
[SourceTitle "playchess.com"]
[Source "ChessBase"]
[SourceQuality "1"]

1. Nf3 Nf6 2. d4 e6 3. g3 b5 4. Bg2 d5 5. O-O Bb7 6. b3 c5 7. c4 b4 8. cxd5 Bxd5 9. dxc5 Bxc5 10. Qc2 Nbd7 11. Nbd2 Rc8 12. Qb1 O-O 13. e4 Bc6 14. Bb2 Bb5 15. Nc4 Nb6 16. Rd1 Qe7 17. Nxb6 axb6 18. Nd4 Ba6 19. a3 bxa3 20. Bxa3 Bxa3 21. Qa2 Bb7 22. Qxa3 Qxa3 23. Rxa3 Bxe4 24. Bxe4 Nxe4 25. Re1 Nf6 26. Ra6 Rfd8 27. Nb5 Nd5 28. Rd1 h6 29. Na7 Rc7 30. Nb5 Rcc8 31. Na7 Rc7 32. Nb5 Rcc8 1/2-1/2

[Event "46th GRE-chT Premier 2018"]
[Site "Rio Achaia"]
[Date "2018.07.13"]
[Round "5"]
[White "Mastrakouli, Evagelia"]
[Black "Grammatikaki, Aggeliki"]
[Result "1-0"]
[WhiteElo "1779"]
[BlackElo "1679"]
[Annotator "NA"]
[PlyCount "81"]
[EventDate "2018.07.10"]
[EventType "team-tourn"]
[EventCountry "GRE"]
[SourceTitle "playchess.com"]
[Source "ChessBase"]
[SourceQuality "1"]

1. d4 Nf6 2. c4 e6 3. Nc3 Bb4 4. e3 b6 5. Nge2 Ne4 6. Qc2 Bb7 7. a3 Bxc3+ 8. Nxc3 f5 9. b4 d6 10. d5 exd5 11. cxd5 Nxc3 12. Qxc3 Bxd5 13. Qxg7 Rg8 14. Qxh7 Qf6 15. Rb1 Nd7 16. Bb2 Qg5 17. Rd1 Bb3 18. Rd4 O-O-O 19. Rf4 Be6 20. h4 Qg6 21. Qxg6 Rxg6 22. h5 Rh6 23. e4 Re8 24. Kd2 fxe4 25. Rxe4 Nf6 26. Re1 Bf7 27. Rxe8+ Bxe8 28. Bxf6 Rxf6 29. f3 c5 30. h6 Rf8 31. h7 Rh8 32. Bd3 Kd8 33. Re1 d5 34. Re5 Bf7 35. g4 Kd7 36. g5 Kd6 37. f4 c4 38. Bf5 d4 39. g6 c3+ 40. Kd3 Bxg6 41. Bxg6 1-0

[Event "46th GRE-chT Premier 2018"]
[Site "Rio Achaia"]
[Date "2018.07.13"]
[Round "5"]
[White "Stamatis, Ioannis"]
[Black "Chatzieleftheriou, Andreas"]
[Result "0-1"]
[WhiteElo "1777"]
[BlackElo "2012"]
[Annotator "NA"]
[PlyCount "66"]
[EventDate "2018.07.10"]
[EventType "team-tourn"]
[EventCountry "GRE"]
[SourceTitle "playchess.com"]
[Source "ChessBase"]
[SourceQuality "1"]

1. d4 d5 2. Bf4 e6 3. e3 Nf6 4. Nd2 c5 5. c3 Nc6 6. Ngf3 cxd4 7. exd4 Nh5 8. Be3 Bd6 9. Bd3 Nf4 10. Bxf4 Bxf4 11. O-O Qf6 12. Re1 g5 13. Nf1 g4 14. N3d2 h5 15. Ne3 Kd8 16. b4 Rg8 17. g3 Bc7 18. Nb3 Qg5 19. b5 Ne7 20. c4 h4 21. Qe2 b6 22. c5 f5 23. Qd2 Qh5 24. cxb6 axb6 25. Rec1 Bd6 26. Nf1 f4 27. a4 Rh8 28. a5 hxg3 29. fxg3 fxg3 30. axb6 gxh2+ 31. Kh1 Rb8 32. Nc5 g3 33. b7 Qf3+ 0-1